00290nam a2200133Ia 4500003000400000005001700004008004100021020001800062040001000080100002000090245002900110260000800139260000900147OSt20240127112430.0170524s9999 xx 000 0 und d a9788123914480 ciimtu aHussain- Ashfaq 0aElectrical Power Systems bCBS c2010